[Event "BL2-Ost 1920"]
[Site "Germany"]
[Date "2019.11.23"]
[Round "3.3"]
[White "Meijers, Viesturs"]
[Black "Leisch, Lukas"]
[Result "1/2-1/2"]
[WhiteElo "2439"]
[BlackElo "2344"]
[PlyCount "117"]
[EventDate "2019.10.19"]
[EventType "team-tourn"]
[EventRounds "11"]
[EventCountry "GER"]
[SourceTitle "CBM 194 Extra"]
[Source "ChessBase"]
[SourceDate "2020.03.31"]
[SourceVersion "1"]
[SourceVersionDate "2020.03.31"]
[SourceQuality "1"]
[WhiteTeam "Nickelhuette Aue"]
[BlackTeam "Passau"]
[WhiteTeamCountry "GER"]
[BlackTeamCountry "GER"]

1. d4 Nf6 2. Nf3 g6 3. g3 Bg7 4. Bg2 0-0 5. 0-0 d6 6. b3 c6 7. Bb2 Qa5 8. Nbd2 Qh5 9. Re1 Bg4 10. h4 Nbd7 11. Nh2 e5 12. dxe5 Nxe5 13. Nxg4 Nfxg4 14. e4 f5 15. f4 Nf3+ 16. Bxf3 Bxb2 17. Rb1 Bc3 18. Kg2 Rae8 19. Bxg4 Qxg4 20. Qxg4 fxg4 21. Rbd1 Re6 22. Re3 Bb4 23. c3 Bc5 24. Rd3 Rfe8 25. b4 Bb6 26. Kf1 Bc7 27. a4 h6 28. a5 Kg7 29. Nc4 Rxe4 30. Nxd6 Bxd6 31. Rxd6 a6 32. Rd7+ R8e7 33. Rxe7+ Rxe7 34. Kf2 Kf7 35. Rd8 h5 36. Rd3 Kf6 37. Re3 Rd7 38. Ke2 c5 39. Rd3 Re7+ 40. Kd2 cxb4 41. cxb4 Re4 42. Rd6+ Kf5 43. Rb6 Re7 44. Kd3 Rd7+ 45. Ke3 Re7+ 46. Kd4 Rd7+ 47. Ke3 Re7+ 48. Kf2 Rc7 49. b5 axb5 50. Rxb5+ Ke4 51. Re5+ Kd3 52. Re3+ Kd4 53. Re6 Rc5 54. Rxg6 Rxa5 55. Rb6 Ra2+ 56. Kf1 Ra1+ 57. Kf2 Ra2+ 58. Kf1 Ra1+ 59. Kf2 1/2-1/2

[Event "BL2-Ost 1819"]
[Site "Germany"]
[Date "2019.02.02"]
[Round "5.3"]
[White "Meijers, Viesturs"]
[Black "Braeuer, Franz"]
[Result "1/2-1/2"]
[WhiteElo "2433"]
[BlackElo "2439"]
[PlyCount "32"]
[EventDate "2018.11.10"]
[EventType "team-tourn"]
[EventRounds "10"]
[EventCountry "GER"]
[SourceTitle "CBM 190 Extra"]
[Source "ChessBase"]
[SourceDate "2019.07.15"]
[SourceVersion "1"]
[SourceVersionDate "2019.07.15"]
[SourceQuality "1"]
[WhiteTeam "Aue Nickelhuette"]
[BlackTeam "Erfurt"]
[WhiteTeamCountry "GER"]
[BlackTeamCountry "GER"]

1. d4 Nf6 2. Bg5 c5 3. Bxf6 gxf6 4. d5 Qb6 5. Qc1 f5 6. c4 Bg7 7. Nc3 d6 8. e3 Nd7 9. Nge2 Ne5 10. Nf4 Rg8 11. Be2 Bd7 12. 0-0 Qb4 13. Nd3 Qa5 14. Nf4 Qb4 15. Nd3 Qa5 16. Nf4 Qb4 1/2-1/2

[Event "BL2-Ost 1819"]
[Site "Germany"]
[Date "2018.12.16"]
[Round "4.3"]
[White "Meijers, Viesturs"]
[Black "Wisnet, Dominic"]
[Result "1-0"]
[WhiteElo "2433"]
[BlackElo "2290"]
[PlyCount "177"]
[EventDate "2018.11.10"]
[EventType "team-tourn"]
[EventRounds "10"]
[EventCountry "GER"]
[SourceTitle "CBM 190 Extra"]
[Source "ChessBase"]
[SourceDate "2019.07.15"]
[SourceVersion "1"]
[SourceVersionDate "2019.07.15"]
[SourceQuality "1"]
[WhiteTeam "Aue Nickelhuette"]
[BlackTeam "Passau"]
[WhiteTeamCountry "GER"]
[BlackTeamCountry "GER"]

1. c4 Nf6 2. g3 e6 3. Bg2 d5 4. b3 Be7 5. Bb2 0-0 6. Nf3 c5 7. cxd5 Nxd5 8. 0-0 Nc6 9. Nc3 Nxc3 10. Bxc3 Qd6 11. d4 Bf6 12. e3 Rd8 13. Ne5 Nxe5 14. dxe5 Qc7 15. Qc2 Bxe5 16. Bxe5 Qxe5 17. Rfd1 Bd7 18. Bxb7 Rab8 19. Bg2 Bb5 20. Rac1 g6 21. Bf1 Rxd1 22. Rxd1 Bc6 23. Bg2 Bb5 24. h4 a5 25. Rc1 Rc8 26. Qc3 Qxc3 27. Rxc3 Kf8 28. Bf1 Be8 29. Ba6 Rc7 30. Kf1 Ke7 31. Ke2 Ra7 32. Bd3 Kd6 33. a4 h6 34. e4 f6 35. Bc4 Bc6 36. Ke3 g5 37. Rd3+ Ke7 38. hxg5 hxg5 39. f4 gxf4+ 40. gxf4 Rb7 41. Rd2 Rb4 42. Rc2 Kd6 43. Rd2+ Ke7 44. Rc2 e5 45. f5 Kd6 46. Kd3 Rb7 47. Rh2 Rg7 48. Rh6 Ke7 49. Be6 Rg1 50. Rh7+ Kd6 51. Rf7 Rd1+ 52. Kc3 Rd4 53. Rxf6 Bxe4 54. Bc4+ Kc7 55. Re6 Bc6 56. f6 Rd8 57. Rxe5 Kd6 58. Re6+ Kc7 59. f7 Rf8 60. Rg6 Kd7 61. Kd3 Bb7 62. Rg8 Ke7 63. Rxf8 Kxf8 64. Ke3 Ke7 65. Kf4 Bg2 66. Kf5 Bf3 67. Kg6 Kf8 68. Kf6 Bh5 69. Ke5 Ke7 70. f8Q+ Kxf8 71. Kd6 Ke8 72. Kxc5 Kd7 73. Kb6 Kc8 74. Kxa5 Kb7 75. Bd5+ Ka7 76. b4 Bd1 77. b5 Bc2 78. b6+ Kb8 79. Kb4 Bd3 80. a5 Ba6 81. Bc4 Bb7 82. a6 Bf3 83. Kc5 Ba8 84. Bd5 Bb7 85. Bc4 Bc8 86. Kd6 Bf5 87. Bd5 Kc8 88. a7 Bd7 89. a8Q# 1-0

[Event "BL2-Ost 1819"]
[Site "Germany"]
[Date "2018.12.15"]
[Round "3.3"]
[White "Eliseev, Evgeniy1111"]
[Black "Meijers, Viesturs"]
[Result "1-0"]
[WhiteElo "2389"]
[BlackElo "2433"]
[PlyCount "91"]
[EventDate "2018.11.10"]
[EventType "team-tourn"]
[EventRounds "10"]
[EventCountry "GER"]
[SourceTitle "CBM 190 Extra"]
[Source "ChessBase"]
[SourceDate "2019.07.15"]
[SourceVersion "1"]
[SourceVersionDate "2019.07.15"]
[SourceQuality "1"]
[WhiteTeam "Nuernberg NT"]
[BlackTeam "Aue Nickelhuette"]
[WhiteTeamCountry "GER"]
[BlackTeamCountry "GER"]

1. d4 Nf6 2. c4 e6 3. Nc3 Bb4 4. e3 b6 5. Nge2 Bb7 6. a3 Bxc3+ 7. Nxc3 0-0 8. Bd3 d5 9. 0-0 dxc4 10. Bxc4 Nbd7 11. Qe2 c5 12. dxc5 Nxc5 13. b4 Nce4 14. Nxe4 Nxe4 15. Bb2 Qd2 16. Rfd1 Qxe2 17. Bxe2 Rfd8 18. f3 Nd6 19. Be5 Ne8 20. Rxd8 Rxd8 21. Rd1 Rxd1+ 22. Bxd1 f6 23. Bb8 a6 24. a4 b5 25. axb5 axb5 26. Bc2 Kf7 27. Kf2 g6 28. Bd3 Bc6 29. e4 Ke7 30. e5 fxe5 31. Bxe5 Nf6 32. Bd4 Nd7 33. Kg3 e5 34. Be3 Ke6 35. Kh4 Nf6 36. Kg5 e4 37. Bc2 exf3 38. gxf3 Nd5 39. Bd2 Ke5 40. Kh6 Nf4 41. Kxh7 Bxf3 42. h4 Be2 43. Kh6 Bh5 44. Bb1 Ng2 45. Kg5 Kd4 46. Bc2 1-0

[Event "BL2-Ost 1819"]
[Site "Germany"]
[Date "2018.11.11"]
[Round "2.3"]
[White "Hess, Max"]
[Black "Meijers, Viesturs"]
[Result "1/2-1/2"]
[WhiteElo "2334"]
[BlackElo "2433"]
[PlyCount "49"]
[EventDate "2018.11.10"]
[EventType "team-tourn"]
[EventRounds "10"]
[EventCountry "GER"]
[SourceTitle "CBM 190 Extra"]
[Source "ChessBase"]
[SourceDate "2019.07.15"]
[SourceVersion "1"]
[SourceVersionDate "2019.07.15"]
[SourceQuality "1"]
[WhiteTeam "Garching"]
[BlackTeam "Aue Nickelhuette"]
[WhiteTeamCountry "GER"]
[BlackTeamCountry "GER"]

1. d4 Nf6 2. Nf3 e6 3. e3 c5 4. Bd3 b6 5. 0-0 Be7 6. c4 Bb7 7. Nc3 h6 8. b3 0-0 9. Bb2 cxd4 10. exd4 d5 11. Re1 Nc6 12. Rc1 Rc8 13. cxd5 Nxd5 14. Nxd5 Qxd5 15. Be4 Qd6 16. d5 exd5 17. Qxd5 Qxd5 18. Bxd5 Bc5 19. Rcd1 Rfd8 20. Ne5 Nxe5 21. Bxb7 Rxd1 22. Rxd1 Rb8 23. Bxe5 Rxb7 24. Rd8+ Kh7 25. Kf1 1/2-1/2

[Event "Arber op 7th"]
[Site "Bodenmais"]
[Date "2018.08.04"]
[Round "8"]
[White "Lorenc, Tomas"]
[Black "Meijers, Viesturs"]
[Result "1/2-1/2"]
[WhiteElo "2208"]
[BlackElo "2458"]
[PlyCount "104"]
[EventDate "2018.07.28"]
[EventType "swiss"]
[EventRounds "9"]
[EventCountry "GER"]
[SourceTitle "EXT 2019"]
[Source "ChessBase"]
[SourceDate "2018.10.10"]
[SourceVersion "1"]
[SourceVersionDate "2018.10.10"]
[SourceQuality "1"]

1. c4 e6 2. g3 Nf6 3. Bg2 d5 4. Nf3 dxc4 5. 0-0 Nbd7 6. Qc2 Rb8 7. a4 c5 8. Na3 b6 9. Nxc4 Bb7 10. d3 Nd5 11. e4 Nb4 12. Qb3 Nf6 13. Bf4 Rc8 14. Rfd1 Be7 15. d4 Bxe4 16. dxc5 Nbd5 17. cxb6 axb6 18. Qb5+ Qd7 19. Nfe5 Qxb5 20. axb5 Bxg2 21. Kxg2 Nxf4+ 22. gxf4 Nd5 23. Rxd5 exd5 24. Nxb6 Rb8 25. Nc6 Rxb6 26. Ra8+ Kd7 27. Rxh8 Rxb5 28. Ne5+ Ke6 29. Rxh7 Bf6 30. Nd3 Kf5 31. b4 Ke4 32. Rh3 d4 33. Kf1 Be7 34. Ke2 Bxb4 35. f3+ Kd5 36. Rh5+ Kc6 37. Ne5+ Kb6 38. Nd7+ Ka6 39. Rg5 Bc3 40. Kd3 Rb1 41. Rxg7 Rd1+ 42. Kc2 Rf1 43. Rxf7 Rxf3 44. Ne5 Rh3 45. Ng4 Kb5 46. f5 Bb4 47. Rd7 Bc5 48. f6 Rf3 49. f7 Rf5 50. h3 Kc6 51. Rd8 Kc7 52. f8Q Rxf8 1/2-1/2

[Event "Rheinland Pfalz op 10th"]
[Site "Nickenich"]
[Date "2018.06.02"]
[Round "6"]
[White "Dgebuadze, Alexandre"]
[Black "Meijers, Viesturs"]
[Result "1/2-1/2"]
[WhiteElo "2508"]
[BlackElo "2472"]
[PlyCount "41"]
[EventDate "2018.05.31"]
[EventType "swiss"]
[EventRounds "7"]
[EventCountry "GER"]
[SourceTitle "CBM 184 Extra"]
[Source "ChessBase"]
[SourceDate "2018.06.28"]
[SourceVersion "1"]
[SourceVersionDate "2018.06.28"]
[SourceQuality "1"]

1. c4 e6 2. Nc3 d5 3. d4 Nf6 4. Bg5 Be7 5. e3 Nbd7 6. cxd5 exd5 7. Bd3 0-0 8. Nge2 b6 9. Ng3 g6 10. h4 c5 11. Qc2 cxd4 12. exd4 Bb7 13. 0-0-0 Rc8 14. Kb1 Ne4 15. Bxe4 Bxg5 16. hxg5 dxe4 17. Qd2 Re8 18. d5 e3 19. Qd4 Qxg5 20. Nce4 Qe5 21. fxe3 1/2-1/2

[Event "Pfarrkirchen Rottal op 2nd"]
[Site "Pfarrkirchen"]
[Date "2018.03.31"]
[Round "3"]
[White "Wahrlich, Andreas"]
[Black "Meijers, Viesturs"]
[Result "0-1"]
[WhiteElo "2165"]
[BlackElo "2470"]
[PlyCount "64"]
[EventDate "2018.03.30"]
[EventType "swiss"]
[EventRounds "7"]
[EventCountry "GER"]
[SourceTitle "CBM 183 Extra"]
[Source "ChessBase"]
[SourceDate "2018.04.19"]
[SourceVersion "1"]
[SourceVersionDate "2018.04.19"]
[SourceQuality "1"]

1. d4 Nf6 2. c4 e6 3. Nc3 Bb4 4. e3 Bxc3+ 5. bxc3 d6 6. f4 Nbd7 7. Nf3 Qe7 8. c5 dxc5 9. Ba3 0-0 10. Bd3 b6 11. 0-0 Bb7 12. Qc2 Nd5 13. Bxh7+ Kh8 14. Rae1 g6 15. Bxg6 fxg6 16. Qxg6 Rf6 17. Qg3 Rh6 18. e4 N5f6 19. Ng5 Rg8 20. Qd3 Nh7 21. dxc5 Nxg5 22. c6 Qxa3 23. cxd7 Qc5+ 24. Kh1 Nf7 25. Rd1 Nd6 26. Rfe1 Bc6 27. Re3 Rh7 28. Rh3 Bxe4 29. Rxh7+ Bxh7 30. Qg3 Qh5 31. Re1 Rxg3 32. d8Q+ Rg8 0-1

[Event "Basel op"]
[Site "Basel"]
[Date "2018.01.05"]
[Round "6"]
[White "Akshat, Khamparia"]
[Black "Meijers, Viesturs"]
[Result "1-0"]
[WhiteElo "2381"]
[BlackElo "2477"]
[PlyCount "81"]
[EventDate "2018.01.02"]
[EventType "swiss"]
[EventRounds "9"]
[EventCountry "SUI"]
[SourceTitle "CBM 182 Extra"]
[Source "ChessBase"]
[SourceDate "2018.02.23"]
[SourceVersion "1"]
[SourceVersionDate "2018.02.23"]
[SourceQuality "1"]

1. d4 d5 2. c4 e6 3. Nc3 Nf6 4. cxd5 exd5 5. Bg5 Be7 6. e3 Nbd7 7. Bd3 0-0 8. Nf3 b6 9. 0-0 Bb7 10. Rc1 a6 11. Bf5 g6 12. Bh3 Re8 13. b4 Nf8 14. Qb3 Kg7 15. Ne5 Ne6 16. f4 Ng8 17. Bxe6 fxe6 18. Bxe7 Rxe7 19. Nb1 Qd6 20. Nd2 Rc8 21. a4 c6 22. a5 Rb8 23. axb6 Ba8 24. Rc5 Rxb6 25. Rfc1 Re8 26. Qa4 Ne7 27. g4 Reb8 28. Nd3 Bb7 29. Nf3 Bc8 30. Nfe5 Bd7 31. Ra5 Bc8 32. Rac5 Bd7 33. Ra5 Bc8 34. Rcc5 Bb7 35. Rc2 Ng8 36. Nc5 Ne7 37. Ned7 Bc8 38. Nxb6 Rxb6 39. Rb2 Ng8 40. Nxa6 Nf6 41. g5 1-0

[Event "Basel op"]
[Site "Basel"]
[Date "2018.01.04"]
[Round "4"]
[White "Beukema, Jasper"]
[Black "Meijers, Viesturs"]
[Result "1/2-1/2"]
[WhiteElo "2249"]
[BlackElo "2477"]
[PlyCount "139"]
[EventDate "2018.01.02"]
[EventType "swiss"]
[EventRounds "9"]
[EventCountry "SUI"]
[SourceTitle "CBM 182 Extra"]
[Source "ChessBase"]
[SourceDate "2018.02.23"]
[SourceVersion "1"]
[SourceVersionDate "2018.02.23"]
[SourceQuality "1"]

1. e4 c5 2. Nc3 e6 3. g3 a6 4. Bg2 b5 5. f4 Bb7 6. d3 Be7 7. Nf3 b4 8. Ne2 d5 9. exd5 Bxd5 10. 0-0 Nf6 11. b3 0-0 12. Bb2 a5 13. c4 bxc3 14. Nxc3 Bb7 15. Qe2 Nc6 16. Rac1 Qb6 17. Kh1 Rfd8 18. Rfd1 h6 19. Na4 Qa7 20. Bxf6 gxf6 21. Nd2 f5 22. Nc4 Bf8 23. Na3 Nd4 24. Qf2 Rac8 25. Nc4 Bg7 26. Bxb7 Qxb7+ 27. Qg2 Qa7 28. Re1 Nb5 29. Ne5 Bxe5 30. Rxe5 Rxd3 31. Rexc5 Rxc5 32. Nxc5 Rd5 33. Qf2 Qa8 34. Kg1 Qd8 35. Nb7 Qd7 36. Nc5 Qd6 37. Nb7 Qb4 38. Qe1 Qd4+ 39. Qf2 Qe4 40. Nc5 Qb4 41. Qe3 Qd2 42. Qxd2 Rxd2 43. a3 Nd4 44. Rf1 Ra2 45. b4 Rxa3 46. bxa5 Rxa5 47. Nd3 Ra3 48. Ne5 f6 49. Nd7 Kf7 50. Rd1 Ne2+ 51. Kf1 Nc3 52. Rc1 Nd5 53. Rc6 Ra1+ 54. Kg2 Ra2+ 55. Kg1 Ne3 56. Nc5 Ra1+ 57. Kf2 Ng4+ 58. Ke2 Ra2+ 59. Ke1 Rxh2 60. Rc7+ Kg6 61. Nxe6 Rg2 62. Nf8+ Kh5 63. Rc3 Ra2 64. Nd7 Kg6 65. Kf1 Rd2 66. Nc5 Nf2 67. Re3 Rc2 68. Re2 Rxc5 69. Kxf2 Kh5 70. Re8 1/2-1/2

[Event "BL2-Ost 1718"]
[Site "Germany"]
[Date "2017.12.10"]
[Round "6.3"]
[White "Meijers, Viesturs"]
[Black "Neuman, Petr"]
[Result "1-0"]
[WhiteElo "2472"]
[BlackElo "2440"]
[PlyCount "61"]
[EventDate "2017.10.21"]
[EventType "team-tourn"]
[EventRounds "10"]
[EventCountry "GER"]
[SourceTitle "CBM 183 Extra"]
[Source "ChessBase"]
[SourceDate "2018.04.19"]
[SourceVersion "1"]
[SourceVersionDate "2018.04.19"]
[SourceQuality "1"]
[WhiteTeam "Nickelhuette Aue"]
[BlackTeam "Bindlach"]
[WhiteTeamCountry "GER"]
[BlackTeamCountry "GER"]

1. c4 c6 2. b3 d5 3. Bb2 Bg4 4. h3 Bh5 5. g3 e6 6. Bg2 Nf6 7. Nf3 Nbd7 8. 0-0 Bd6 9. Nc3 0-0 10. d3 a6 11. a4 Qb6 12. a5 Qc7 13. Ba3 Bxa3 14. Rxa3 Bxf3 15. Bxf3 d4 16. Na2 e5 17. Nb4 Rfe8 18. Nc2 Rad8 19. b4 e4 20. dxe4 Nxe4 21. Qxd4 c5 22. Qa1 Nd2 23. Rc1 Nxf3+ 24. exf3 Ne5 25. bxc5 Nxc4 26. Rc3 Nxa5 27. Ne3 Nc6 28. Kg2 Ne5 29. Nf5 Re6 30. Re3 f6 31. Qa2 1-0

[Event "Vellmar op 9th"]
[Site "Vellmar"]
[Date "2017.07.16"]
[Round "7"]
[White "Meijers, Viesturs"]
[Black "Chandler, Patrick"]
[Result "1-0"]
[WhiteElo "2472"]
[BlackElo "2206"]
[PlyCount "161"]
[EventDate "2017.07.13"]
[EventType "swiss"]
[EventRounds "7"]
[EventCountry "GER"]
[SourceTitle "CBM 179 Extra"]
[Source "ChessBase"]
[SourceDate "2017.08.23"]
[SourceVersion "1"]
[SourceVersionDate "2017.08.23"]
[SourceQuality "1"]

1. c4 e5 2. b3 Nc6 3. Bb2 Nf6 4. g3 d5 5. cxd5 Nxd5 6. Bg2 Bc5 7. a3 f6 8. e3 Be6 9. Ne2 Bb6 10. Nbc3 Qd7 11. h4 Nxc3 12. Bxc3 Rd8 13. b4 Bd5 14. Bxd5 Qxd5 15. 0-0 0-0 16. Rb1 Qe4 17. b5 Ne7 18. Bb4 Rfe8 19. a4 c5 20. a5 cxb4 21. axb6 axb6 22. Qb3+ Kh8 23. Rb2 Qg4 24. f3 Qd7 25. Qxb4 f5 26. Qb3 Nd5 27. f4 Nf6 28. fxe5 Rxe5 29. Rf3 Ne4 30. d4 Re7 31. Nf4 g6 32. Kg2 Nf6 33. Rc2 Ng4 34. Kg1 Kg7 35. Rc3 Kh6 36. Rf1 Qd6 37. Rf3 Rde8 38. Nd5 Rd7 39. Nf4 Qe7 40. Qb1 Nf6 41. Qc2 Ne4 42. Rc8 Rxc8 43. Qxc8 Nd6 44. Qc3 Rc7 45. Qd3 Ne4 46. Nd5 Rc1+ 47. Rf1 Qd6 48. Nf4 Rc3 49. Qe2 Nxg3 50. Qe1 Ne4 51. Ng2 Rc2 52. Qd1 Rxg2+ 53. Kxg2 Qg3+ 54. Kh1 Qxh4+ 55. Kg1 Qg3+ 56. Kh1 Qh3+ 57. Kg1 Qxe3+ 58. Kg2 Qg3+ 59. Kh1 Nf2+ 60. Rxf2 Qxf2 61. d5 Qh4+ 62. Kg2 Qe4+ 63. Kg1 Qe7 64. d6 Qd7 65. Qd4 Kg5 66. Qe5 Kg4 67. Qe7 Qxb5 68. d7 Kf3 69. Qa3+ Kg4 70. d8Q Qb1+ 71. Kf2 Qc2+ 72. Ke1 Qe4+ 73. Kd1 Qh1+ 74. Kc2 Qc6+ 75. Qc3 h5 76. Qxc6 bxc6 77. Kd2 h4 78. Ke2 g5 79. Kf2 b5 80. Qd1+ Kf4 81. Qd4# 1-0

[Event "Vellmar op 9th"]
[Site "Vellmar"]
[Date "2017.07.16"]
[Round "6"]
[White "Meijers, Viesturs"]
[Black "Dorst, Johannes"]
[Result "1-0"]
[WhiteElo "2472"]
[BlackElo "2180"]
[PlyCount "99"]
[EventDate "2017.07.13"]
[EventType "swiss"]
[EventRounds "7"]
[EventCountry "GER"]
[SourceTitle "CBM 179 Extra"]
[Source "ChessBase"]
[SourceDate "2017.08.23"]
[SourceVersion "1"]
[SourceVersionDate "2017.08.23"]
[SourceQuality "1"]

1. c4 Nf6 2. b3 g6 3. Bb2 Bg7 4. g3 0-0 5. Bg2 c5 6. Nf3 Nc6 7. 0-0 d6 8. d4 a6 9. Nc3 Rb8 10. dxc5 dxc5 11. Qxd8 Rxd8 12. Na4 Nd7 13. Bxg7 Kxg7 14. Rac1 b6 15. Rfd1 Bb7 16. Rd2 Kf8 17. Rcd1 Ke8 18. Ng5 Nd4 19. e3 Bxg2 20. Kxg2 Nc6 21. Nxf7 Kxf7 22. Rxd7 Rxd7 23. Rxd7 Ke6 24. Rd2 Ne5 25. f4 Nd7 26. g4 b5 27. Nb2 Nb6 28. Rc2 Rd8 29. Kf3 bxc4 30. Nxc4 Nxc4 31. Rxc4 Rd2 32. Ra4 Rxh2 33. g5 h5 34. gxh6 Rxh6 35. Ke4 Kf6 36. Rxa6+ e6 37. Ra5 Rh2 38. a4 Rc2 39. Kd3 Rc1 40. Rb5 e5 41. Kd2 Rb1 42. fxe5+ Kxe5 43. Kc2 Rg1 44. Rxc5+ Ke4 45. a5 Kxe3 46. b4 Kd4 47. a6 Rf1 48. a7 Rf8 49. Kb3 Ra8 50. Rc7 1-0

[Event "Vellmar op 9th"]
[Site "Vellmar"]
[Date "2017.07.13"]
[Round "1"]
[White "Meijers, Viesturs"]
[Black "Lutz, Ruben"]
[Result "1-0"]
[WhiteElo "2472"]
[BlackElo "1959"]
[PlyCount "57"]
[EventDate "2017.07.13"]
[EventType "swiss"]
[EventRounds "7"]
[EventCountry "GER"]
[SourceTitle "CBM 179 Extra"]
[Source "ChessBase"]
[SourceDate "2017.08.23"]
[SourceVersion "1"]
[SourceVersionDate "2017.08.23"]
[SourceQuality "1"]

1. c4 e6 2. b3 d5 3. Bb2 Nf6 4. g3 Nbd7 5. Bg2 c6 6. Nf3 Be7 7. 0-0 0-0 8. d3 b6 9. e4 Bb7 10. Nc3 Rc8 11. Qe2 dxe4 12. dxe4 e5 13. Nh4 g6 14. Rad1 Qc7 15. f4 exf4 16. gxf4 Rcd8 17. e5 Rfe8 18. Kh1 Bf8 19. Qf3 Nh5 20. Nf5 Nc5 21. b4 Ne6 22. Nd6 Bxd6 23. exd6 Rxd6 24. Rxd6 Qxd6 25. Ne4 Qe7 26. f5 Nf8 27. Qc3 f6 28. fxg6 Nxg6 29. Qf3 1-0

[Event "LAT-ch"]
[Site "Riga"]
[Date "2017.05.03"]
[Round "5"]
[White "Meijers, Viesturs"]
[Black "Semjonovs, Ilja"]
[Result "1/2-1/2"]
[WhiteElo "2490"]
[BlackElo "2122"]
[PlyCount "110"]
[EventDate "2017.04.30"]
[EventType "swiss"]
[EventRounds "9"]
[EventCountry "LAT"]
[SourceTitle "CBM 178 Extra"]
[Source "ChessBase"]
[SourceDate "2017.06.22"]
[SourceVersion "1"]
[SourceVersionDate "2017.06.22"]
[SourceQuality "1"]

1. c4 e5 2. b3 Nc6 3. Bb2 g6 4. g3 Bg7 5. Bg2 Nge7 6. e3 d5 7. cxd5 Nxd5 8. a3 0-0 9. Ne2 f5 10. Nbc3 Be6 11. Qc2 f4 12. gxf4 exf4 13. Nxd5 Bxd5 14. Bxg7 Kxg7 15. Qc3+ Kg8 16. Bxd5+ Qxd5 17. 0-0-0 fxe3 18. fxe3 Ne5 19. Rhf1 Rfe8 20. Nf4 Qd6 21. Kb2 Rad8 22. h3 c6 23. d4 Nd7 24. d5 Qe5 25. dxc6 bxc6 26. Rd3 Qxc3+ 27. Rxc3 Nb6 28. Kc2 Nd5 29. Nxd5 Rxd5 30. Rf4 Rde5 31. Kd2 Rg5 32. h4 Rg2+ 33. Kd3 Rd8+ 34. Rd4 Rxd4+ 35. Kxd4 Rg4+ 36. Ke5 Rxh4 37. Rxc6 Rh5+ 38. Ke6 Ra5 39. a4 Kg7 40. Rc7+ Kh6 41. e4 Kg5 42. Rxh7 Kf4 43. Rh4+ Kg5 44. Rh1 Kf4 45. Re1 Re5+ 46. Kf6 Rxe4 47. Rf1+ Ke3 48. Kxg6 Rb4 49. Rf7 Rxb3 50. Rxa7 Kd4 51. Kf6 Ra3 52. Ke6 Kc5 53. Kd7 Kb4 54. Kc6 Rxa4 55. Rxa4+ Kxa4 1/2-1/2

[Event "LAT-ch"]
[Site "Riga"]
[Date "2017.05.01"]
[Round "2"]
[White "Jazdanovs, Aleksandrs"]
[Black "Meijers, Viesturs"]
[Result "1-0"]
[WhiteElo "2010"]
[BlackElo "2490"]
[PlyCount "105"]
[EventDate "2017.04.30"]
[EventType "swiss"]
[EventRounds "9"]
[EventCountry "LAT"]
[SourceTitle "CBM 178 Extra"]
[Source "ChessBase"]
[SourceDate "2017.06.22"]
[SourceVersion "1"]
[SourceVersionDate "2017.06.22"]
[SourceQuality "1"]

1. e4 c5 2. Nf3 e6 3. d4 cxd4 4. Nxd4 a6 5. Nc3 b5 6. a3 Bb7 7. g3 h5 8. h4 b4 9. axb4 Bxb4 10. Bg2 Nf6 11. Bg5 Qc7 12. 0-0 Bxc3 13. bxc3 Nxe4 14. Rb1 d5 15. Bf4 Qc8 16. Bxe4 dxe4 17. Bd6 Qd7 18. Rb6 Nc6 19. Nb3 0-0-0 20. Nc5 Qxd6 21. Qxd6 Rxd6 22. Nxb7 Kc7 23. Nxd6 Kxb6 24. Nxf7 Rb8 25. Ng5 a5 26. Nxe6 Kb5 27. Nd4+ Kc5 28. Ra1 Ra8 29. Nxc6 Kxc6 30. Kf1 a4 31. Ke2 a3 32. Ke3 Kd5 33. c4+ Kxc4 34. Kxe4 Ra5 35. Ra2 g6 36. f3 Kb4 37. g4 Rc5 38. Kf4 Ka4 39. Ra1 Ra5 40. Ke4 Kb4 41. Ra2 Kc4 42. Kf4 Kc3 43. Ke4 Kd2 44. c4+ Kc3 45. gxh5 gxh5 46. f4 Kb3 47. Ra1 Rc5 48. f5 Rxc4+ 49. Ke5 Rxh4 50. f6 Rh2 51. Rf1 Re2+ 52. Kf5 a2 53. f7 1-0

[Event "LAT-ch"]
[Site "Riga"]
[Date "2017.04.30"]
[Round "1"]
[White "Meijers, Viesturs"]
[Black "Mierins, Eriks"]
[Result "1/2-1/2"]
[WhiteElo "2490"]
[BlackElo "2150"]
[PlyCount "177"]
[EventDate "2017.04.30"]
[EventType "swiss"]
[EventRounds "9"]
[EventCountry "LAT"]
[SourceTitle "CBM 178 Extra"]
[Source "ChessBase"]
[SourceDate "2017.06.22"]
[SourceVersion "1"]
[SourceVersionDate "2017.06.22"]
[SourceQuality "1"]

1. c4 e6 2. b3 c5 3. Bb2 Nc6 4. g3 Nf6 5. Bg2 d5 6. cxd5 exd5 7. Nf3 Be7 8. 0-0 0-0 9. d4 b6 10. Nc3 Bf5 11. Rc1 Rc8 12. dxc5 bxc5 13. Ne1 d4 14. Na4 Qa5 15. Nd3 Nb4 16. Nxb4 Qxb4 17. Re1 Rfd8 18. Rc4 Qa5 19. Bc1 Ne4 20. Bxe4 Bxe4 21. Bd2 Qa6 22. Qc1 Bd5 23. Nxc5 Qb5 24. a4 Qc6 25. Rc2 Bxb3 26. Rb2 Bxc5 27. Rxb3 Qxa4 28. Qb1 Bb6 29. Qd3 Qd7 30. Ra1 Qh3 31. Rb5 Rc6 32. Rc1 Rxc1+ 33. Bxc1 Qe6 34. Bb2 h6 35. h4 Qc6 36. Rb4 Bc5 37. Rc4 Qb6 38. Ba3 Bxa3 39. Qxa3 Qb1+ 40. Kg2 Qe4+ 41. Qf3 Qxf3+ 42. Kxf3 d3 43. exd3 Rxd3+ 44. Kg4 Ra3 45. Rc8+ Kh7 46. h5 g5 47. f4 Ra5 48. Rc7 Kg7 49. Kf3 Ra3+ 50. Kg4 Ra4 51. Kf3 gxf4 52. gxf4 Ra1 53. Kg4 a5 54. Ra7 a4 55. Kf5 a3 56. Ra8 a2 57. Ra7 Rh1 58. Rxa2 Rxh5+ 59. Kg4 Rb5 60. f5 Kf6 61. Ra6+ Kg7 62. Rc6 Rb4+ 63. Kg3 h5 64. Ra6 Rg4+ 65. Kf3 Rg1 66. Kf4 f6 67. Ra7+ Kh6 68. Rf7 Rg4+ 69. Kf3 Kg5 70. Rh7 Rf4+ 71. Kg3 h4+ 72. Kh3 Rf3+ 73. Kg2 Rxf5 74. Rg7+ Kf4 75. Kh3 Rh5 76. Rg4+ Kf3 77. Ra4 f5 78. Ra3+ Kf4 79. Ra4+ Kg5 80. Ra1 Rh8 81. Rg1+ Kh5 82. Rf1 Kg5 83. Rg1+ Kf4 84. Rf1+ Ke4 85. Re1+ Kd3 86. Rf1 Rf8 87. Ra1 Re8 88. Kxh4 Rg8 89. Ra3+ 1/2-1/2